Insects that are "Flies" by Picture - Statistics

General Stats
  • This quiz has been taken 230 times
  • The average score is 7 of 14
Answer Stats
Picture Hint Answer % Correct
infraorder Anisoptera {dragon}fly
96%
suborder Rhopalocera {butter}fly
88%
Musca domestica {house}fly
86%
family Tabanidae {horse-}fly
72%
Drosophila melanogaster {fruit} fly
67%
family Psychodidae {drain} fly
63%
order Ephemeroptera {may}fly
54%
suborder Zygoptera {damsel}fly
51%
family Tipulidae {crane} fly
42%
family Oestridae {bot}fly
31%
genus Glossina {tsetse} fly
27%
family Simuliidae {black} fly
15%
Lipoptena cervi {deer} fly
13%
Lytta vesicatoria {Spanish} fly
9%
No matching quizzes found
Score Distribution
Percent of People with Each Score
Percentile by Number Answered
Your Score History
You have not taken this quiz